000 00389pab a2200157 454500
008 180718b2013 xxu||||| |||| 00| 0 eng d
100 _aBhattacharya, Mohit
245 _aIdentity crisis of public administration
260 _c2013
300 _ap.71-88.
362 _aJul-Dec
650 _aPublic administration
773 _aAdministrative Change
908 _aN
909 _a104300
999 _c104296
_d104296